000 00644nam a2200193Ia 4500
008 151121s9999||||xx |||||||||||||| ||und||
082 _a813/चांदोर
082 _bHNW-116679
100 _aचांदोरकर स्वाती
245 _aयुथनेशिया
260 _b"मेहता पब्लिशिंग हाऊस, पुणे।"
260 _c2011
300 _a225
600 _aचांदोरकर स्वाती
630 _aयुथनेशिया
700 _aचांदोरकर स्वाती
730 _aयुथनेशिया
942 _cBOOK
999 _c1265284
_d1265281